|
|
|
|
| LEADER |
01389nam a2200373 i 4500 |
| 001 |
34504 |
| 003 |
BD-DhAAL |
| 005 |
20190407110007.0 |
| 008 |
190407t1975 njua 001 0 eng d |
| 999 |
|
|
|c 40638
|d 40638
|
| 010 |
|
|
|a 74025630
|
| 020 |
|
|
|a 9780691177786
|
| 020 |
|
|
|a 9780691177779
|
| 020 |
|
|
|a 0691081603
|
| 020 |
|
|
|a 068108162X
|
| 040 |
|
|
|a DLC
|c DLC
|d DLC
|d BD-DhAAL
|
| 050 |
0 |
0 |
|a QC173.55
|b .P76
|
| 082 |
0 |
0 |
|a 530.11
|
| 245 |
0 |
0 |
|a Problem book in relativity and gravitation /
|c Alan P. Lightman ... [et al.].
|
| 260 |
|
|
|a Princeton, N.J. :
|b Princeton University Press,
|c c1975
|
| 300 |
|
|
|a xiv, 599 pages :
|b illustrations ;
|c 25 cm.
|
| 500 |
|
|
|a Includes index.
|
| 526 |
|
|
|a MNS
|
| 541 |
|
|
|a Development Book Agency
|e 34504
|
| 650 |
|
0 |
|a Relativity (Physics)
|x Problems, exercises, etc.
|9 31100
|
| 650 |
|
0 |
|a Gravitation
|x Problems, exercises, etc.
|9 31101
|
| 650 |
|
0 |
|a Astrophysics
|x Problems, exercises, etc.
|9 31102
|
| 700 |
1 |
|
|a Lightman, Alan P.,
|d 1948-
|9 31103
|
| 700 |
1 |
|
|a Press, William H.
|9 31104
|
| 700 |
1 |
|
|a Price, Richard H.
|9 31105
|
| 700 |
1 |
|
|a Teukolsky, Saul A.
|9 31106
|
| 852 |
|
|
|a Ayesha Abed Library
|c General Stacks
|
| 942 |
|
|
|2 ddc
|c BK
|
| 952 |
|
|
|0 0
|1 0
|2 ddc
|4 0
|6 530_110000000000000_PRO
|7 0
|9 65365
|a BRACUL
|b BRACUL
|c GEN
|d 2019-04-03
|e Development Book Agency
|g 4790.00
|l 1
|o 530.11 PRO
|p 3010034504
|r 2023-04-10
|s 2023-03-05
|t 1
|v 4790.00
|w 2019-04-03
|y BK
|